000 00638nam a2200229Ia 4500
003 OSt
005 20221007081125.0
006 a|||||r|||| 00| 0
007 ta
008 221006b |||||||| |||| 00| 0 eng d
024 _a15,682
037 _cTextual
040 _aFLL
_cFLL
_beng
041 _2eng
_aeng
082 _aX65:Z1(Y:4), L2.4
100 _aFlanz Gisbert H.
_9696478
245 0 _aConstitutions of the countries of the world
260 _aNew York
_bOceana Publications Inc. USA
_c1972
490 _vVol. 4
942 _hX65:Z1(Y:4), L2.4
_cTEXL
_2CC
999 _c1162109
_d1162109